Vista normal
Vista MARC
- MARXISMO
Entrada Topical Term
Número de registros utilizados en: 285
001 - CONTROL NUMBER
- control field: 118
003 - CONTROL NUMBER IDENTIFIER
- control field: armounm
005 - DATE AND TIME OF LATEST TRANSACTION
- control field: 20120927192206.0
008 - FIXED-LENGTH DATA ELEMENTS
- fixed length control field: 110922|||a|||||| | ||| d
040 ## - CATALOGING SOURCE
- Original cataloging agency: Ar-MoUNM
150 ## - HEADING--TOPICAL TERM
- Topical term or geographic name as entry element: MARXISMO
670 ## - SOURCE DATA FOUND
- Source citation: Work cat.: (): Marx, Karl (1818-1883) 116, Manifiesto comunista / , 2008.
UNM ® 2018
Biblioteca UNM
Universidad Nacional de Moreno
Av. Bme. Mitre Nº 1891 (B1744OHC) Moreno
Provincia de Buenos Aires, República Argentina
(0237) 460-9300 (líneas rotativas)
(011) 2078-9170 (líneas rotativas)
biblioteca@unm.edu.ar
Universidad Nacional de Moreno
Av. Bme. Mitre Nº 1891 (B1744OHC) Moreno
Provincia de Buenos Aires, República Argentina
(0237) 460-9300 (líneas rotativas)
(011) 2078-9170 (líneas rotativas)
biblioteca@unm.edu.ar


